Experience and knowledge are the key (Record no. 77359)
[ view plain ]
| 000 -LEADER | |
|---|---|
| fixed length control field | 01476cab a2200241 4500 |
| 001 - CONTROL NUMBER | |
| control field | ##L134077 |
| 008 - FIXED-LENGTH DATA ELEMENTS--GENERAL INFORMATION | |
| fixed length control field | 060706n2006 000 0 eng u |
| 035 ## - SYSTEM CONTROL NUMBER | |
| System control number | (Sirsi) u134077 |
| 041 0# - LANGUAGE CODE | |
| Language code of text/sound track or separate title | eng |
| 100 1# - MAIN ENTRY--PERSONAL NAME | |
| Personal name | Bannister, Edward |
| 245 00 - TITLE STATEMENT | |
| Title | Experience and knowledge are the key |
| 260 ## - PUBLICATION, DISTRIBUTION, ETC. | |
| Date of publication, distribution, etc. | 2006 |
| 490 #0 - SERIES STATEMENT | |
| Series statement | Estates Gazette |
| Volume/sequential designation | (0626) 1 July 2006, 150-151(2) |
| 520 ## - SUMMARY, ETC. | |
| Summary, etc. | Considers how court challenges to arbitrators' awards can be avoided. Discusses the ways parties seek to challenge an award: serious irregularity as illustrated by "St George's Investment Co v Gemini Consulting Ltd" ([2004] EWHC 2353 (Ch), Abs68658), lack of jurisdiction, and question of law. Points out that arbitrators should not introduce new evidence as shown in "Handley v Nationwide Anglia Building Society" (QBD, Abs46677). Sets out the criteria for arguing a substantial injustice has been caused, as defined in "Checkpoint Ltd v Strathclyde Pension Fund" ([2003] EWCA Civ 84, X121614). Concludes with best practice indications for arbitrators and parties. |
| 590 ## - LOCAL NOTE (RLIN) | |
| Local note | IKA180706 |
| 650 24 - SUBJECT ADDED ENTRY--TOPICAL TERM | |
| Topical term or geographic name entry element | ST GEORGE'S INVESTMENT CO V GEMINI CONSULTING LTD |
| 650 24 - SUBJECT ADDED ENTRY--TOPICAL TERM | |
| Topical term or geographic name entry element | HANDLEY V NATIONWIDE ANGLIA BUILDING SOCIETY |
| 650 24 - SUBJECT ADDED ENTRY--TOPICAL TERM | |
| Topical term or geographic name entry element | CHECKPOINT LTD V STRATHCLYDE PENSION FUND |
| 651 #4 - SUBJECT ADDED ENTRY--GEOGRAPHIC NAME | |
| Geographic name | England and Wales |
| Chronological subdivision | 1543- |
| 690 ## - LOCAL SUBJECT ADDED ENTRY--TOPICAL TERM (OCLC, RLIN) | |
| Topical term or geographic name as entry element | MANAGEMENT-DISPUTE AVOIDANCE, MANAGEMENT AND RESOLUTION-DISPUTE MANAGEMENT AND RESOLUTION-ARBITRATION-ARBITRATION AWARDS |
| 700 1# - ADDED ENTRY--PERSONAL NAME | |
| Personal name | Phillips, Antony |
| 942 ## - ADDED ENTRY ELEMENTS (KOHA) | |
| Suppress in OPAC | 0 |
| Withdrawn status | Lost status | Source of classification or shelving scheme | Damaged status | Not for loan | Home library | Current library | Shelving location | Date acquired | Total Checkouts | Full call number | Barcode | Date last seen | Copy number | Price effective from | Koha item type |
|---|---|---|---|---|---|---|---|---|---|---|---|---|---|---|---|
| Dewey Decimal Classification | London | London | Journal article | 06/07/2006 | L134077 | 134077-1001 | 06/08/2019 | 1 | 06/08/2019 | Journal article |